Normal view
MARC view
- DOCUMENT DESIGN, ELECTRONIC COMMUNICATION
Entry Topical Term
001 - CONTROL NUMBER
- control field: 63122
003 - CONTROL NUMBER IDENTIFIER
- control field: NUST
005 - DATE AND TIME OF LATEST TRANSACTION
- control field: 20210628203050.0
008 - FIXED-LENGTH DATA ELEMENTS
- fixed length control field: 210628|| aca||aabn | a|a d
040 ## - CATALOGING SOURCE
- Original cataloging agency: NUST
- Transcribing agency: NUST
150 ## - HEADING--TOPICAL TERM
- Topical term or geographic name entry element: DOCUMENT DESIGN, ELECTRONIC COMMUNICATION
670 ## - SOURCE DATA FOUND
- Source citation: Work cat.: (NUST): Gerson, Steven M, Gerson, Sharon J 63121, Technical writing,process and product, 2001
